000 00601nam a22001697a 4500
999 _c20323
_d20323
008 240528b ||||| |||| 00| 0 eng d
020 _a9719111151
082 _aDFil 321.809599
_bP53f 1997
245 _aCivil society making civil society /
_cedited by Miriam Coronel Ferrer.
260 _aQuezon City :
_bThird World Studies Center,
_c©1997.
300 _a300 pages :
_billustrations ;
_c25 cm.
440 _aPhilippine democracy agenda: volume 3.
_957367
500 _aIncludes index.
650 _aCivil society.
_957368
700 _aFerrer, Miriam Coronel.
_eeditor.
_957327
942 _2ddc
_cDFIL